<?xml version="1.0" encoding="UTF-8"?>
<record
    xmlns:xsi="http://www.w3.org/2001/XMLSchema-instance"
    xsi:schemaLocation="http://www.loc.gov/MARC21/slim http://www.loc.gov/standards/marcxml/schema/MARC21slim.xsd"
    xmlns="http://www.loc.gov/MARC21/slim">

  <leader>01970cam a2200217   4500500</leader>
  <controlfield tag="005">20260329021708.0</controlfield>
  <datafield tag="041" ind1=" " ind2=" ">
    <subfield code="a">fre</subfield>
  </datafield>
  <datafield tag="042" ind1=" " ind2=" ">
    <subfield code="a">dc</subfield>
  </datafield>
  <datafield tag="100" ind1="1" ind2="0">
    <subfield code="a">Bazile, Sandrine</subfield>
    <subfield code="e">author</subfield>
  </datafield>
  <datafield tag="700" ind1="1" ind2="0">
    <subfield code="a">Alonso, B&#xE9;atrice</subfield>
    <subfield code="e">author</subfield>
  </datafield>
  <datafield tag="700" ind1="1" ind2="0">
    <subfield code="a">Cwiczynski, Marie</subfield>
    <subfield code="e">author</subfield>
  </datafield>
  <datafield tag="700" ind1="1" ind2="0">
    <subfield code="a">Lauze, Marianne</subfield>
    <subfield code="e">author</subfield>
  </datafield>
  <datafield tag="700" ind1="1" ind2="0">
    <subfield code="a">Mayoral, Mil&#xE8;ne</subfield>
    <subfield code="e">author</subfield>
  </datafield>
  <datafield tag="245" ind1="0" ind2="0">
    <subfield code="a">Quelles repr&#xE9;sentations et quelles pratiques personnelles des IA g&#xE9;n&#xE9;ratives, pour quelles transpositions possibles aux usages scolaires ?</subfield>
  </datafield>
  <datafield tag="260" ind1=" " ind2=" ">
    <subfield code="c">2024.
							</subfield>
  </datafield>
  <datafield tag="500" ind1=" " ind2=" ">
    <subfield code="a">19</subfield>
  </datafield>
  <datafield tag="520" ind1=" " ind2=" ">
    <subfield code="a">L&#x2019;article pr&#xE9;sente la phase exploratoire et pr&#xE9;paratoire d&#x2019;une recherche collaborative qui vise la production de ressources pour la classe et la formation d&#x2019;enseignants autour des usages possibles des IA g&#xE9;n&#xE9;ratives en situation de production d&#x2019;&#xE9;crit, de la fin du cycle primaire aux premi&#xE8;res ann&#xE9;es de l&#x2019;universit&#xE9;. &#xC0; l&#x2019;aune des recherches en &#xE9;ducation &#xE9;mergentes, portant sur le r&#xF4;le possible des IA g&#xE9;n&#xE9;ratives en mati&#xE8;re de production d&#x2019;&#xE9;crit, il s&#x2019;agit de pr&#xE9;senter la m&#xE9;thodologie et les premiers r&#xE9;sultats de cette recherche, qui permettent, dans un premier temps, de mettre au jour les repr&#xE9;sentations des acteurs du projet concernant les IA g&#xE9;n&#xE9;ratives et d&#x2019;identifier leurs pratiques en lien ou non avec les activit&#xE9;s scolaires, et, dans un deuxi&#xE8;me temps, &#xE0; partir de la description de ces repr&#xE9;sentations et des usages buissonniers de ces outils, d&#x2019;envisager la fa&#xE7;on dont ces derniers pourraient nourrir la conception de ressources, dispositifs et activit&#xE9;s d&#x2019;enseignement mobilisant les IA g&#xE9;n&#xE9;ratives.</subfield>
  </datafield>
  <datafield tag="690" ind1=" " ind2=" ">
    <subfield code="a">production d&#x2019;&#xE9;crit&#xA0;; pratiques d&#x2019;&#xE9;criture personnelles&#xA0;; intelligences artificielles g&#xE9;n&#xE9;ratives&#xA0;; usages scolaires.</subfield>
  </datafield>
  <datafield tag="786" ind1="0" ind2=" ">
    <subfield code="n">Le fran&#xE7;ais aujourd'hui | 226 | 3 | 2024-09-16 | p. 39-50 | 0184-7732</subfield>
  </datafield>
  <datafield tag="856" ind1="4" ind2="1">
    <subfield code="u">https://shs.cairn.info/revue-le-francais-aujourd-hui-2024-3-page-39?lang=fr&amp;redirect-ssocas=7080</subfield>
  </datafield>
  <datafield tag="999" ind1=" " ind2=" ">
    <subfield code="c">1914465</subfield>
    <subfield code="d">1914465</subfield>
  </datafield>
</record>
